000
00245nam a22000977a 4500
999
_c
11725
_d
11725
008
200113b ||||| |||| 00| 0 eng d
020
_a
978054528544
100
_a
Stamper
_9
7414
245
_a
Rocks and Minerals
260
_a
New York
_b
Scholastic
_c
2010